01278nam a2200289 a 450000500170000000800410001702000150005804100080007309200200008110000440010124501040014525000120024926000310026130000180029250001320031059000390044265300310048165300330051265300580054565300350060365300840063865300510072293000090077394200120078299900150079495201790080920240412124043.0100309s1997||||mx f | 1s0 spa d a9682400430 aspa c370.11l66sPER1 aPereira de Gómez, Maria Nieves.93133 aEducación en valores.bMetodología e innovación educativa /cMaría Nieves Perira de Gómez a1a ed.  aMéxico:bTrillas;c1997. a183 p.b23 cm aPereira de Gómez, M. N. (1997). Educación en valores. Metodología e innovación educativa. (1a ed.). México : Trillas. aDonación Dora Vera, febrero 2017 aEducaciòn y mundo actual aEducar hoy ... ¿para qué? 4aUna alternativa educativa : educación personalizada 3aLa educación en los valores  aPersonalización de proferosresy personal directivo. Actitudes del magisterio. a¿Cómo poner en marcha un cambio educativo ? a3761 2ddccBK c2330d2330 00102ddc4070aBFMbBFMcCRd2017-02-23eDonación Dora Vera, febrero 2017.l0o370.11 66 PERp3761r2017-02-23tEj. 1w2017-02-23yBKzDonación Dora Vera, febrero 2017.